| 000 | 00702nam a2200193Ia 4500 | ||
|---|---|---|---|
| 003 | GCL | ||
| 008 | 140319s9999 xx 000 0 ara d | ||
| 040 |
_aGCL / _cGCL |
||
| 082 | 0 | 4 |
_a822 _bم ر |
| 100 | 1 | _aدورينمات، فريدريش | |
| 245 | 1 | 0 |
_aقضية ظل الحمار / _cدورينمات، فريدريش |
| 700 | 1 | _aمحمد يسرى خميس | |
| 260 |
_aالقاهرة : _bالمركز القومى للمسرح والموسيقى ، _c2004 |
||
| 300 |
_a100 ص ؛ _c20 سم |
||
| 490 |
_aروائع المسرح العالمى _v7 |
||
| 650 | 0 | 4 | _aالمسرحيات الانجليزية المترجمة |
| 650 | 0 | 4 | _aالادب العالمى المترجم |
| 942 |
_2ddc _cBK |
||
| 999 |
_c6803 _d6803 |
||